Európska regionálna politika vo vzťahu k asociovaným štátom
Zameranie európskej regionálnej politiky nazývanej tiež politika finančnej solidarity. Prioritné ciele pri zohľadňovaní toku finančnej pomoci EÚ. Oblasti financovania projektov v rámci programu PHARE v Slovenskej republike. Finančné nástroje ISPA a SAPARD. Konzistencia regionálnej politiky Slovenska...
Enregistré dans:
| Auteur principal: | |
|---|---|
| Autres auteurs: | |
| Format: | Chapitre de livre |
| Langue: | slovaque |
| Sujets: | |
| Tags: |
Pas de tags, Soyez le premier à ajouter un tag!
|
MARC
| LEADER | 00000naa$a2200000$$$4500 | ||
|---|---|---|---|
| 001 | 0010924 | ||
| 005 | 20240502071356.0 | ||
| 041 | 0 | |a slo | |
| 044 | |a SK | ||
| 245 | 1 | 0 | |a Európska regionálna politika vo vzťahu k asociovaným štátom |c aut. Erika Neubauerová, Kornélia Beličková |
| 520 | |a Zameranie európskej regionálnej politiky nazývanej tiež politika finančnej solidarity. Prioritné ciele pri zohľadňovaní toku finančnej pomoci EÚ. Oblasti financovania projektov v rámci programu PHARE v Slovenskej republike. Finančné nástroje ISPA a SAPARD. Konzistencia regionálnej politiky Slovenska a európskej regionálnej politiky. Základné princípy regionálnej politiky EÚ. | ||
| 610 | 2 | 0 | |a politika regionálna |
| 610 | 2 | 0 | |a Slovensko |
| 610 | 2 | 0 | |a Európska únia |
| 610 | 2 | 0 | |a programy rozvojové |
| 610 | 2 | 0 | |a rozpočet spoločný |
| 610 | 2 | 0 | |a spolupráca hospodárska medzinárodná |
| 610 | 2 | 0 | |a fondy štruktúrne |
| 100 | 1 | |a Neubauerová, Erika, 1968- | |
| 700 | 1 | |a Beličková, Kornélia, 1966- | |